Guess The Billie Eilish Song By The Lyrics - Statistics

General Stats
  • This quiz has been taken 69 times
  • The average score is 11 of 15
Answer Stats
Verse Song % Correct
"you made me hate this city" happier than ever
91%
"did I cross the line" wildflower
84%
"six words you never understood" wish you were gay
84%
"but the old me is still me and maybe the real me" skinny
79%
"looked so alive, turns out i'm not real" what was I made for?
79%
"the world's a little blurry" ilomilo
78%
"you were my life, but life is far away from fair" no time to die
78%
"too intoxicated to be scared" xanny
76%
"you couldn't save me, but you can't let me go" nda
74%
"what a drag to love you like I do" halley's comet
72%
"if our grave was watered by the rain, would roses bloom?" six feet under
69%
"is my value based only on your perception?" not my responsibility
64%
"I don't know you at all" chihiro
59%
"I know I should, but I could never hate you" male fantasy
59%
"nobody lonely like I'm lonely and I don't know whether" when I was older
38%
No matching quizzes found
Score Distribution
Percent of People with Each Score
Percentile by Number Answered
Your Score History
You have not taken this quiz